Observación y formación de los profesores
Gardado en:
| Autor Principal: | |
|---|---|
| Formato: | Libro |
| Idioma: | Lingua castelá |
| Publicado: |
Madrid
Morata
1978
|
| Subjects: | |
| Tags: |
Engadir etiqueta
Sen Etiquetas, Sexa o primeiro en etiquetar este rexistro!
|
MARC
| LEADER | 00000nam a2200000 a 4500 | ||
|---|---|---|---|
| 001 | UCY8156 | ||
| 003 | CL-VaPUC | ||
| 008 | 950623e19780000SP |||||||||||||||||spa|d | ||
| 020 | |a 8471120984 | ||
| 082 | 0 | 4 | |a 371.144 |b POS |2 21 |
| 100 | 0 | |a Postic, Marcel |e author |9 339356 | |
| 245 | 1 | 0 | |a Observación y formación de los profesores |
| 300 | |a 343 p | ||
| 942 | |c BK | ||
| 945 | |d 19950623 00:00:00 |a cmena | ||
| 260 | |a Madrid |b Morata |c 1978 | ||
| 650 | 0 | |a Docentes |9 311365 | |
| 650 | 0 | |a Investigación educacional |9 261192 | |
| 650 | 0 | |a Formación profesional de profesores |9 307493 | |
| 650 | 7 | |a COMPORTAMIENTO DEL DOCENTE |2 CL-VaPUC |9 339293 | |
| 650 | 0 | |a Evaluación de la educación |9 237505 | |
| 650 | 0 | |a Rol del docente |9 329733 | |
| 650 | 7 | |a RELACION DOCENTE ALUMNO |2 CL-VaPUC |9 307734 | |
| 583 | |a last modification |c 20121104 09:03:27 |k Rodrigo Vera | ||
| 999 | |c 235434 |d 235432 | ||
| 952 | |0 0 |1 0 |4 0 |6 371_144000000000000_POS_1978 |7 0 |8 P |9 242845 |a BIBEDU |b BIBEDU |c BIBEDU_PB |d 2019-11-18 |i 4435273 |o 371.144 POS 1978 |p 4435273 |r 2024-01-25 |w 2019-11-18 |y BK |k EBA | ||
| 952 | |0 0 |1 0 |4 0 |6 371_144000000000000_POS_1978 |7 0 |8 P |9 242846 |a BIBEDU |b BIBEDU |c BIBEDU_PB |d 2019-11-18 |i 467913K |o 371.144 POS 1978 |p 467913K |r 2024-01-25 |w 2019-11-18 |y BK |k EBA | ||